000 00697nam a2200205Ii 4500
003 JO-AjNU
008 230605s9999||||xx |||||||||||||| ||und||
040 _aJO-AjNU
_bara
_erda
_cJO-AjNU
041 _aara
050 1 4 _aPJ6151.S2568 2003
100 3 _aتأليف السامرائي، فاضل صالح,
_eauthor
_913884
245 0 0 _aمعاني النحو، مج2
250 _aط2:مزيده ومنقحة
264 3 1 _aالقاهرة: شركة العاتك لصناعة الكتاب، 2003
300 _aمج2، 302ص
336 _atext
_btxt
_2rdacontent
337 _aunmediated
_bn
_2rdamedia
338 _avolume
_bnc
_2rdacarrier
650 4 _aاللغة العربية-النحو
_913885
999 _aA3571
_c7139
_d7139